01078nam a22002897a 45000010005000000030006000050050017000110080041000280200018000690400029000870500014001160820012001301000018001422450043001602600039002033000044002424900041002865050008003275200198003355210020005335210020005536500021005737000027005949420015006219990015006369520137006514845FISKH20241017150846.0241017b cb ||||| |||| 00| 0 eng d a9781416949688 aFISKHbengcFISKHdFISKH aPZ7.C7878 a823.914 aCooper, Susan aSilver on the Tree / cby Susan Cooper aNew York : bSimon Pulse ;c1977 . a274 pages : billustrations ;c20 cm .  aThe Dark is Rising Sequence vBook 5 aY  aJane's invitation to witness the making of the Greenwitch begins a series of sinister events in which she and her two brothers help the Old Ones recover the grail stolen by the Dark. â–¾Members8 a890 bLexile 8 aY bRaz-Plus  afantasyvfiction aJulie, Dillon eartist 2ddccBKn0 c4845d4845 00102ddc40708FICa002b002cSBSd2024-10-17l1oCOO 823.914 PZ7.C7878pFIS03195r2025-12-02 13:46:00s2025-11-25w2024-10-17yBK